F1 drivers by picture - Statistics

General Stats
  • This quiz has been taken 5,319 times
  • The average score is 17 of 20
Answer Stats
Picture Answer % Correct
Max Verstappen
99%
Lando Norris
90%
Charles Leclerc
89%
Esteban Ocon
89%
Carlos Sainz
86%
Checo / Sergio Perez
86%
Lewis Hamilton
86%
Fernando Alonso
85%
Lance Stroll
85%
Oscar Piastri
85%
George Russell
84%
Pierre Gasly
83%
Nico Hulkenberg
82%
Yuki Tsunoda
82%
Valtteri Bottas
81%
Alexander Albon
79%
Kevin Magnussen
78%
Zhou Guanyu
77%
Logan Sargeant
76%
Nyck De Vries
69%
No matching quizzes found
Score Distribution
Percent of People with Each Score
Percentile by Number Answered
Your Score History
You have not taken this quiz